| 000 | 00739nam a2200229 a 4500 | ||
|---|---|---|---|
| 001 | BRCA_5577 | ||
| 005 | 20190320205134.0 | ||
| 008 | 180211s1920----sp-a######---#000-0#spa-# | ||
| 041 | _aspa | ||
| 044 | _asp | ||
| 050 | 4 |
_aND813.M3 _b.M32 1920 |
|
| 245 | 1 | 0 |
_aFederico de Madrazo _cMariano de Madriano; fototipia de Hauser y Menet, Castañeira y Álvarez. |
| 260 |
_aMadrid _bTipografía Artística Cervantes _c1920 |
||
| 300 |
_a13 p. _bil., 43 láminas _c21 cm. |
||
| 440 | 0 |
_aBiblioteca Estrella _pMonografías de arte _914224 |
|
| 500 | _aEstado físico: camisa un poco rota | ||
| 500 | _aF52 | ||
| 600 | 1 | 4 |
_aMadrazo y Kuntz, Federico de _d1815-1894 _914225 |
| 650 | 1 | 4 |
_aPintores españoles _97620 |
| 902 | _aGFM | ||
| 942 |
_2lcc _cB |
||
| 999 |
_c5271 _d5271 |
||